[Event "Reunion op 16th"]
[Site "St Denis"]
[Date "2014.10.18"]
[Round "3"]
[White "Andriandaza, Tombo Omar"]
[Black "Labrande, Emmanuel"]
[Result "1-0"]
[WhiteElo "1717"]
[BlackElo "1389"]
[PlyCount "95"]
[EventDate "2014.10.18"]
[EventType "swiss"]
[EventRounds "9"]
[EventCountry "RUF"]
[SourceTitle "EXT 2015"]
[Source "ChessBase"]
[SourceDate "2014.11.20"]
[SourceVersion "1"]
[SourceVersionDate "2014.11.20"]
[SourceQuality "1"]

1. d4 g6 2. e4 Bg7 3. Bc4 d6 4. c3 a6 5. a4 Nf6 6. f3 0-0 7. Ne2 e6 8. Bg5 Qe8 9. a5 Bd7 10. 0-0 h6 11. Be3 Bb5 12. Bd3 Bxd3 13. Qxd3 Qd7 14. c4 Nc6 15. Qd2 Rfe8 16. Bxh6 Kh7 17. Be3 Rh8 18. Ra3 Kg8 19. Rb3 Rb8 20. Nbc3 Qd8 21. d5 Ne7 22. Ba7 Ra8 23. Bd4 c5 24. Be3 Rb8 25. Rd1 e5 26. Rb1 Qf8 27. Nc1 Bh6 28. Bxh6 Qxh6 29. Qxh6 Rxh6 30. Na4 Nc8 31. Nb6 Nxb6 32. Rxb6 Ne8 33. b4 Kg7 34. bxc5 Rc8 35. cxd6 Nf6 36. Rxb7 Rc5 37. d7 Nxd7 38. Rxd7 Rxa5 39. Rb3 Rc5 40. Ra7 g5 41. h3 Ra5 42. Kf2 Rf6 43. Rd3 Rb6 44. d6 Rxd6 45. Rxd6 Ra1 46. Rdxa6 Rxc1 47. Rc6 Rc2+ 48. Kg3 1-0

[Event "Reunion op 16th"]
[Site "St Denis"]
[Date "2014.10.18"]
[Round "1"]
[White "Rajaobelina, Hery"]
[Black "Labrande, Emmanuel"]
[Result "1-0"]
[WhiteElo "1887"]
[BlackElo "1389"]
[PlyCount "99"]
[EventDate "2014.10.18"]
[EventType "swiss"]
[EventRounds "9"]
[EventCountry "RUF"]
[SourceTitle "EXT 2015"]
[Source "ChessBase"]
[SourceDate "2014.11.20"]
[SourceVersion "1"]
[SourceVersionDate "2014.11.20"]
[SourceQuality "1"]

1. e4 g6 2. d4 Bg7 3. Be3 d6 4. Nc3 a6 5. Qd2 b5 6. a3 Nd7 7. Be2 Bb7 8. Nh3 Rc8 9. f3 c5 10. d5 b4 11. axb4 cxb4 12. Nd1 a5 13. Bb5 Ra8 14. Bd4 Ngf6 15. c3 0-0 16. cxb4 axb4 17. Rxa8 Bxa8 18. Qxb4 Qc7 19. Qc3 Qb7 20. Bc6 Qc8 21. b4 e6 22. Bxa8 Qxa8 23. dxe6 fxe6 24. Qb3 Re8 25. Nf4 Nf8 26. 0-0 Kh8 27. Nd3 e5 28. Be3 Re7 29. Nc3 Qa6 30. b5 Qb7 31. Nb4 N8d7 32. Ra1 Nf8 33. Nc6 Rc7 34. Ra7 Qc8 35. Bb6 Rxa7 36. Bxa7 N8d7 37. Qe6 Qc7 38. Nd5 Qb7 39. Nde7 Nc5 40. Nd8 Qxa7 41. Kf1 Qa1+ 42. Kf2 Qd4+ 43. Kg3 Nh5+ 44. Kg4 Nf6+ 45. Kh3 h6 46. Nxg6+ Kh7 47. Nf8+ Bxf8 48. Qxf6 Bg7 49. Qf7 Qe3 50. Ne6 1-0